Statistics for Name That Flower!

Click here to take the quiz!

General Stats

  • This quiz has been taken 263 times
  • The average score is 4 of 5

Answer Stats

Answer% Correct
Rose
100%
Daisy
98%
Tulips
94%
Sunflower
93%
Lilies
62%

Score Distribution

Percentile by Number Answered

Percent of People with Each Score

Your Score History

You have not taken this quiz